| 000 | 00669camaa2200217 a 4500 | ||
|---|---|---|---|
| 005 | 20151204121831.0 | ||
| 008 | 151204b mx ||||| |||| 00| 0 spa d | ||
| 020 | _a9688591203 | ||
| 050 | 0 | 4 |
_aD13 _bC47 1993 |
| 100 | 1 | _aCerteau, Michel de | |
| 245 | 1 | 3 |
_aLa escritura de la Historia / _cMichel de Certeau ; tr. de Jorge López Moctezuma. |
| 250 | _a2a ed. | ||
| 260 |
_aMéxico : _bUIA, _c1993 |
||
| 300 |
_a334 p. ; _c23 cm. |
||
| 490 | _aEl oficio de la Historia | ||
| 500 | _aTitulo original: L'écriture de Phistoire. | ||
| 504 | _aIncluye bibliografias | ||
| 650 | 7 |
_aHistoriografia _2LEMB |
|
| 700 | 1 |
_aLopez Moctezuma, Jorge, _etr. |
|
| 942 |
_2lcc _cLIB |
||
| 999 |
_c61662 _d61662 |
||